|
|
|
|
| LEADER |
00000nab a2200000uu 4500 |
| 001 |
vtls011460529 |
| 003 |
SK-MaSNL |
| 005 |
20260303132356.0 |
| 008 |
230218|2013 xo |||||||||||||||||slo| |
| 015 |
|
|
|a SNBRB
|
| 035 |
|
|
|a (urnnbn)urn:nbn:sk:snk:ar-a0ac4e
|
| 035 |
|
|
|a (uuid)8a03b714-47f8-4c47-a80b-916cd6550428
|
| 035 |
|
|
|a urn:nbn:sk:snk-abcuew
|
| 040 |
|
|
|a SNKBUCL
|b slo
|c SNKBUCL
|e AACR2
|
| 041 |
0 |
|
|a slo
|
| 044 |
|
|
|a xo
|c SK
|
| 100 |
1 |
|
|a Chajdiak, Jozef,
|d 1952-2019
|4 aut
|9 211046
|
| 245 |
1 |
0 |
|a Usporiadanie a analýza vplyvu faktorov v Exceli
|c Jozef Chajdiak, Katarína Šlahorová
|
| 246 |
3 |
|
|a Sorting and analyzing the factors impact in Excel
|
| 700 |
1 |
|
|a Šlahorová, Katarína
|4 aut
|9 1150002
|
| 773 |
0 |
|
|t Forum statisticum Slovacum
|g Roč. 9, č. 2 (2013), s. 76-80
|
| 954 |
|
|
|a odborná, vedecká literatúra pôvodná (slovenská)
|2 lita
|
| 958 |
|
|
|a OND
|
| 958 |
|
|
|a EUIPO
|
| 958 |
|
|
|a article16
|
| 999 |
|
|
|c 1950713
|d 1952643
|